000 00374nam a2200157Ia 4500
008 230917s9999||||xx |||||||||||||| ||und||
040 _e141032
_aMAIN
041 _aEnglish
082 _a346.022 T718L
100 _aTreitel, G H
245 0 _alaw of contract
250 _a10th ed.
260 _aLondon
_bSweet & maxwell
_c1999
300 _axcv, 1015p p.
942 _cBK
999 _c120191
_d120191